ნორმალური ფორმატი
MARC ფორმატი
ჩანაწერი Personal Name
ჩანაწერთა რაოდენობა, რომელიც გამოყენებულია: 1
001 - CONTROL NUMBER
- control field: 24230
003 - CONTROL NUMBER IDENTIFIER
- control field: GE_BSU
005 - DATE AND TIME OF LATEST TRANSACTION
- control field: 20250203162107.0
008 - FIXED-LENGTH DATA ELEMENTS
- fixed length control field: 250203|| aca||aabn | a|a d
040 ## - CATALOGING SOURCE
- Original cataloging agency: GE_BSU
- Transcribing agency: GE_BSU
100 ## - HEADING--PERSONAL NAME
- Personal name: Araminta, Crace
- Relator term: author
670 ## - SOURCE DATA FOUND
- Source citation: Work cat.: (GE_BSU)49645: Acklam, Richard 3176, Total English : Pre-intermediate Students book (CD) /
